Central Library OPAC University of Rajshahi

লবনাক্ততা ও পরিবেশিক অবক্ষয়: (Record no. 75864)

MARC details
000 -LEADER
fixed length control field 02264ntm a2200301 4500
001 - CONTROL NUMBER
control field 75864
003 - CONTROL NUMBER IDENTIFIER
rucl marc code BD-RjUL
005 - DATE AND TIME OF LATEST TRANSACTION
control field 20211209082745.0
008 - FIXED-LENGTH DATA ELEMENTS--GENERAL INFORMATION
fixed length control field 190801s2015 bg ||||| |mb| 00| 0dben d
035 ## - SYSTEM CONTROL NUMBER
System control number (BD-RjUL)76083
040 ## - CATALOGING SOURCE
Original cataloging agency BD-RjUL
Language of cataloging ben/eng
Transcribing agency BD-RjUL
Modifying agency BD-RjUL
041 ## - LANGUAGE CODE
Language code of text/sound track or separate title ben
082 ## - DEWEY DECIMAL CLASSIFICATION NUMBER
Edition number 23
Author mark and year KHL 2015
Classification number 304.81
100 1# - MAIN ENTRY--PERSONAL NAME
Personal name খান, ফেরদৌস
9 (RLIN) 232605
245 10 - TITLE STATEMENT
Title লবনাক্ততা ও পরিবেশিক অবক্ষয়:
Remainder of title শ্যামনগর উপজেলার জনগোষ্ঠীর অভিযোজন কৌশল /
Statement of responsibility, etc. ফেরদৌস খান, ;
Linkage তত্ত্বাবধায়ক: মো. আবু হানিফ শেখ
260 ## - PUBLICATION, DISTRIBUTION, ETC. (IMPRINT)
Place of publication, distribution, etc. রাজশাহী :
Name of publisher, distributor, etc. ভূগোল ও পরিবেশ বিদ্যা বিভাগ, রাজশাহী বিশ্ববিদ্যালয়,
Date of publication, distribution, etc. ২০১৫
300 ## - PHYSICAL DESCRIPTION
Pagination xxii, ২৩২ পাতা :
Illustrations চিত্র ;
Size ২৯ সেমি.
502 ## - DISSERTATION NOTE
Dissertation note থিসিস (পিএইচ. ডি.)-- ভূগোল ও পরিবেশ বিদ্যা বিভাগ, রাজশাহী বিশ্ববিদ্যালয়, ২০১৫
504 ## - BIBLIOGRAPHY, ETC. NOTE
Bibliography, etc তথ্যপঞ্জি: পাতা ২১৯-২৩২
650 ## - SUBJECT ADDED ENTRY--TOPICAL TERM
Topical term or geographic name as entry element জলবায়ু পরিবর্তন
Geographic subdivision বাংলাদেশ
-- সাতক্ষীরা জেলা
-- শ্যামনগর উপজেলা
9 (RLIN) 232607
Topical term or geographic name as entry element Climatic changes
Geographic subdivision Bangladesh.
-- Satkhira District
-- Shamnagar Upazila
9 (RLIN) 232609
Topical term or geographic name as entry element উপকূলীয় অঞ্চল ব্যবস্থাপনা
Geographic subdivision বাংলাদেশ
-- সাতক্ষীরা জেলা
-- শ্যামনগর উপজেলা
9 (RLIN) 232610
Topical term or geographic name as entry element Coastal zone management
Geographic subdivision Bangladesh.
-- Satkhira District
-- Shamnagar Upazila
9 (RLIN) 232611
Topical term or geographic name as entry element মাটি লবনাক্ততা
Geographic subdivision বাংলাদেশ
-- সাতক্ষীরা জেলা
-- শ্যামনগর উপজেলা
9 (RLIN) 232612
Topical term or geographic name as entry element Soils, Salts in
Geographic subdivision Satkhira District
-- Shamnagar Upazila
9 (RLIN) 232613
700 ## - ADDED ENTRY--PERSONAL NAME
Personal name শেখ, মো. আবু হানিফ, তত্ত্বাবধায়ক
942 ## - ADDED ENTRY ELEMENTS (KOHA)
Source of classification or shelving scheme Dewey Decimal Classification
Koha item type Theses
Holdings
Lost status Source of classification or shelving scheme Damaged status Not for loan Collection code Permanent Location Current Location Shelving location Date acquired Source of acquisition Total Checkouts Full call number Date last seen Copy number Koha item type
  Dewey Decimal Classification   Not For Loan Theses Central Library, University of Rajshahi Central Library, University of Rajshahi Documentation Section 30/07/2016 Controller of Examination Office, R. U.   BTHE 304.81 KHL 2015 01/08/2019 C-1 Theses